Opposing Climate Policies as an Electoral Strategy (appendices) (notice n° 1678360)
[ vue normale ]
| 000 -LEADER | |
|---|---|
| fixed length control field | 01332cam a2200157 4500500 |
| 005 - DATE AND TIME OF LATEST TRANSACTION | |
| control field | 20260308004505.0 |
| 041 ## - LANGUAGE CODE | |
| Language code of text/sound track or separate title | fre |
| 042 ## - AUTHENTICATION CODE | |
| Authentication code | dc |
| 100 10 - MAIN ENTRY--PERSONAL NAME | |
| Personal name | Jan, Malo |
| Relator term | author |
| 245 00 - TITLE STATEMENT | |
| Title | Opposing Climate Policies as an Electoral Strategy (appendices) |
| 260 ## - PUBLICATION, DISTRIBUTION, ETC. | |
| Date of publication, distribution, etc. | 2026.<br/> |
| 500 ## - GENERAL NOTE | |
| General note | 70 |
| 520 ## - SUMMARY, ETC. | |
| Summary, etc. | While increasing online hostility towards elected officials has become a growing cause for public concern, our empirical understanding of the nature and scale of the phenomenon remains incomplete. This study analyzes online violence against French Members of Parliament (MPs) on Twitter (X), based on 4.5 million tweets targeting MPs between 2022 and 2023. Three bespoke classification models distinguish personal attacks, political criticism, and supportive messages. The results show that while personal attacks remain relatively rare for most MPs, a small, highly visible group of MPs become frequent targets of intense hostility. Online visibility and certain partisan affiliations are the main predictors of a more negative online experience overall, while gender mainly influences the content of attacks. |
| 786 0# - DATA SOURCE ENTRY | |
| Note | Revue française de science politique | 75 | 3 | 2026-02-05 | p. I-VIII |
| 856 41 - ELECTRONIC LOCATION AND ACCESS | |
| Uniform Resource Identifier | <a href="https://shs.cairn.info/journal-revue-francaise-de-science-politique-2025-3-page-I?lang=en&redirect-ssocas=7080">https://shs.cairn.info/journal-revue-francaise-de-science-politique-2025-3-page-I?lang=en&redirect-ssocas=7080</a> |
Pas d'exemplaire disponible.




Réseaux sociaux